| 000 | 01584nam a2200349 c 4500 | ||
|---|---|---|---|
| 999 |
_c136938 _d136938 |
||
| 003 | BLK | ||
| 005 | 20221027135854.0 | ||
| 008 | 180409b bul|||||r ||||||| ||bul|| | ||
| 010 | _aKNG00142903000 | ||
| 040 | _aBLK | ||
| 041 |
_aBUL _cBUL |
||
| 080 |
_aЕтика. Учение за морала. Практическа философия. Вж и 37.034 ; 24 _b17 _x(075.8) _z17(075.8) |
||
| 080 |
_aЦеремониал. Етикет. Общ. норми на поведение. Йерархия. Дарове. Подаръци _b395 _x(075.8) _z395(075.8) |
||
| 100 | 1 |
_aИванов, Иван Димитров _eпърви автор _9372059 |
|
| 139 |
_aИванов, Иван Димитров и др. _bИ 21 |
||
| 245 | 1 | 0 |
_aЕтика _bУчебник за полувисшите уч. заведения по туризъм _cИван Димитров Иванов; съавт. Здравко Н. Марков. |
| 250 | _a2. изд. | ||
| 257 | _aBGR | ||
| 260 |
_aСофия _bНаука и изкуство _c1977 _fЯмбол : Г. Димитров |
||
| 300 |
_a200 с. _c22 см |
||
| 380 | _a1 | ||
| 500 | _a1. изд. 1972. - 5 075 тир. | ||
| 650 | 4 |
_aЕтика - учебници за ВУЗ _9245513 |
|
| 653 | _aетика | ||
| 653 | _aучебници за ВУЗ | ||
| 700 | 1 |
_aМарков, Здравко Н. _eсъавт. _9325622 |
|
| 852 | _aЦб 85189 | ||
| 856 | 4 |
_qpdf _i0.00 _ldisable |
|
| 856 | 4 |
_qpdf _i0.00 _ldisable |
|
| 942 |
_cKNG _n0 _s1 |
||
| 944 |
_aCR _c20.05.2013 _l20.05.2013 - от С1,Р / 20.05.2013 _kДиана_Димитрова |
||
| 944 |
_aED _c20.05.2013 _l20.05.2013 - от С1,Р / 20.05.2013 |
||
| 944 |
_aED _c2022-10-27 _kХристина Везирева |
||
| 999 | _d136938 | ||